| 000 | 00369 a2200133 4500 | ||
|---|---|---|---|
| 082 | _a355.0095491 RIZ | ||
| 090 |
_c6882 _d6882 |
||
| 100 | _aRiza, Shaukat | ||
| 245 |
_aThe Pakistan army 1947-1949 _cShaukat Riza |
||
| 260 |
_aLahore _bWajidalis private limited _c1989 |
||
| 300 |
_a333p. _bill.; _c24cm |
||
| 650 | _aPakistan. Army --History. | ||
| 942 |
_cBK _k355.0095491 RIZ |
||
| 999 |
_c10704 _d10704 |
||